Fr. Conceicao Rodrigues College of Engineering

Health and Safety in Welding and Allied Processors 4/e (Record no. 34054)

MARC details
000 -LEADER
fixed length control field 00352nam a2200133Ia 4500
100 ## - MAIN ENTRY--PERSONAL NAME
Personal name Balchin N.C.
245 ## - TITLE STATEMENT
Title Health and Safety in Welding and Allied Processors 4/e
260 ## - PUBLICATION, DISTRIBUTION, ETC.
Name of publisher, distributor, etc. Jaico Pub
Place of publication, distribution, etc. Bombay
Date of publication, distribution, etc. 1995
300 ## - PHYSICAL DESCRIPTION
Extent 232
546 ## - LANGUAGE NOTE
Language note ENGLISH
654 ## - SUBJECT ADDED ENTRY--FACETED TOPICAL TERMS
Focus term Health & Safety in welding & allied processes 4/e
942 ## - ADDED ENTRY ELEMENTS (KOHA)
Koha item type BOOK
Holdings
Withdrawn status Lost status Damaged status Not for loan Collection Home library Current library Shelving location Date acquired Source of acquisition Cost, normal purchase price Total Checkouts Full call number Barcode Date last seen Cost, replacement price Price effective from Koha item type
        CRC Fr. Agnel's C.Rodrigues College of Engineering Fr. Agnel's C.Rodrigues College of Engineering   17/03/2023 global books 475.00   7794 17/03/2023 475.00 17/03/2023 BOOK